00776nam a22002057a 450000500170000001000150001702000260003202000230005803500130008103700130009408200080010710000210011524501190013626000470025527000650030230000310036794200220039899900170042095201330043720140415103656.0 aENG-109305 a9788172541972c300.00 a817254197xc300.00 aEN-92838 bDBAD/PUB a000 aSubburaj, V.V.K. aSura's Indian navy recruitment exam :cby V.V.K. Subburajbsailors/ artificer apprentices / dockyard apprentices / aChennaibSura College of Competitionc2012 a1620, 'J' Block, 16th Main Road, Anna NagarbChennaie600040 avaroius pagingsc25cm(pbk) 2ddccENmSUBh000 c82533d82533 001040718NFICaDBADbDBADd2014-02-14eDBAD/PUBg300.00l0o000 SUBpEN-92838r2014-02-14 00:00:00t1v300.00w2014-02-14yEN